Deutsche Großstädte (>100.000) - Statistiken

Allgemein
  • Dieses Quiz wurde 375 mal gespielt
  • Das Durchschnittsergebnis liegt bei 61 aus 81
Antwortstatistiken
Antwort % Korrekt
Berlin
99%
Hamburg
99%
München
98%
Bremen
97%
Frankfurt
97%
Köln
97%
Stuttgart
95%
Dortmund
94%
Dresden
94%
Leipzig
94%
Nürnberg
94%
Düsseldorf
93%
Essen
93%
Hannover
93%
Kiel
92%
Erfurt
88%
Freiburg
88%
Aachen
87%
Mainz
87%
Potsdam
87%
Bonn
86%
Karlsruhe
86%
Saarbrücken
86%
Wiesbaden
86%
Augsburg
85%
Duisburg
85%
Mannheim
85%
Rostock
85%
Bielefeld
84%
Bochum
84%
Magdeburg
83%
Wolfsburg
83%
Chemnitz
82%
Gelsenkirchen
82%
Kassel
81%
Lübeck
81%
Münster
81%
Braunschweig
80%
Jena
79%
Ulm
79%
Würzburg
79%
Wuppertal
78%
Bremerhaven
77%
Halle
77%
Ingolstadt
77%
Leverkusen
77%
Heidelberg
76%
Oldenburg
76%
Osnabrück
76%
Regensburg
76%
Koblenz
75%
Mönchengladbach
74%
Trier
74%
Fürth
72%
Darmstadt
71%
Ludwigshafen
71%
Göttingen
70%
Oberhausen
69%
Paderborn
67%
Hamm
66%
Erlangen
64%
Kaiserslautern
63%
Offenbach
61%
Krefeld
60%
Hagen
58%
Bergisch Gladbach
57%
Herne
57%
Solingen
57%
Heilbronn
56%
Bottrop
55%
Mülheim
55%
Recklinghausen
53%
Hildesheim
51%
Neuss
51%
Pforzheim
51%
Salzgitter
51%
Siegen
49%
Reutlingen
46%
Moers
45%
Remscheid
45%
Gütersloh
42%
Keine übereinstimmenden Quizze gefunden
Verteilung der Resultate
Anzahl Personen mit jedem Resultat
Perzentil nach korrekt beantworteten Fragen
Ihre Resultats-Entwicklung
Sie haben dieses Quiz noch nicht gespielt